| 000 | 01670nam a22002177a 4500 | ||
|---|---|---|---|
| 005 | 20150520102818.0 | ||
| 008 | 021226s2003 ja ab b 001 0 eng | ||
| 020 | _a9280810774 | ||
| 024 | 0 | _ceng | |
| 080 |
_a556 _x(6) |
||
| 245 | 0 | 0 |
_aInternational waters in Southern Africa / _cedited by Mikiyasu Nakayama. |
| 260 |
_aTokyo ; _aNew York : _bUnited Nations University Press, _c2003. |
||
| 300 |
_a306 f. : _bme il.; maps ; _c23 cm. |
||
| 440 | 0 | _aWater resources management and policy series | |
| 504 | _aIncludes bibliographical references and index f.283-306 | ||
| 505 | 0 | _aWater-resources management in Southern Africa / Piet Heyns -- Role of public participation and access to information in the management of transboundary watercourses / Carl Bruch -- Transboundary freshwater treaties / Meredith A. Giordano and Aaron T. Wolf -- Institutional aspects of international water-system management / Mikiyasu Nakayama -- Building the bridge between decision-support tools and decision-making / Kazimierz A. Salewicz -- An overview of the hydropolitical dynamics of the Orange River Basin / Anthony Turton -- The search for an equitable basis for water sharing in the Okavango River Basin / Peter Ashton -- Hydropolitics and the quest of the Zambezi River Basin Organization / Munyaradzi Chenje -- Joint development and cooperation in international water resources / Abdullahi Elmi Mohamed -- Interaction and existing constraints in international river basins / Richard Meissner -- Summary of presentations and discussions / Zafa Adeel, Thomas Ballatore, and Meredith Giordano. | |
| 650 | 0 | _aUji | |
| 650 | 0 | _aAfrika | |
| 700 | 1 | _aNakayama, Mikiyasu. | |
| 942 |
_2udc _cBK |
||
| 999 |
_c513 _d513 |
||